Archivácia účtovných dokladov
V každej účtovnej jednotke sa generujú určité dokumenty v písomnej podobe, resp. na technických nosičoch dát, ktoré sa využívajú v rámci pôsobenia účtovnej jednotky v prostredí, v ktorom pôsobí a najmä pri jej samotnom riadení. Tieto doklady sú charakteristické svojou dokumentárnou hodnotou a za tým...
Saved in:
| Main Author: | |
|---|---|
| Format: | Book Chapter |
| Language: | Slovak |
| Subjects: | |
| Tags: |
No Tags, Be the first to tag this record!
|
MARC
| LEADER | 00000naa a2200000 4500 | ||
|---|---|---|---|
| 001 | 0237529 | ||
| 005 | 20210225100212.6 | ||
| 041 | 0 | |a slo | |
| 044 | |a SK | ||
| 245 | 1 | 0 | |a Archivácia účtovných dokladov |c Ján Mintál |
| 520 | |a V každej účtovnej jednotke sa generujú určité dokumenty v písomnej podobe, resp. na technických nosičoch dát, ktoré sa využívajú v rámci pôsobenia účtovnej jednotky v prostredí, v ktorom pôsobí a najmä pri jej samotnom riadení. Tieto doklady sú charakteristické svojou dokumentárnou hodnotou a za tým účelom treba zabezpečiť ich ochranu a, samozrejme, aj ich spracúvanie prostredníctvom určených metód na zachovanie informačnej hodnoty do budúcnosti. | ||
| 610 | 2 | 0 | |a doklady účtovné |
| 610 | 2 | 0 | |a archivácia |
| 610 | 2 | 0 | |a jednotka účtovná |
| 610 | 2 | 0 | |a archívy účtovné |
| 100 | 1 | |a Mintál, Ján | |